[Event "10. Lichtenberger Sommer"]
[Site "Berlin"]
[Date "2011.08.21"]
[Round "9.71"]
[White "Hülse, Max"]
[Black "Kapp, Frank"]
[Result "1-0"]
[WhiteElo "1445"]
[BlackElo "1894"]
[PlyCount "77"]
[EventDate "2011.??.??"]
[WhiteTeam "Forster Schachclub 95"]
[BlackTeam "TSV IFA Chemnitz"]

1. d4 e6 2. Bf4 f5 3. e3 Nf6 4. Nd2 Be7 5. Ngf3 O-O 6. Bd3 d5 7. Ne5 Nbd7 8.
O-O Ne4 9. f3 Nef6 10. c4 c6 11. Qb3 Nh5 12. cxd5 exd5 13. Nxd7 Qxd7 14. Be5
Kh8 15. e4 fxe4 16. fxe4 dxe4 17. Rxf8+ Bxf8 18. Rf1 Nf6 19. Nxe4 Be7 20. Nxf6
Bxf6 21. Rxf6 Qe7 22. Rf7 Be6 23. Rxe7 Bxb3 24. Bxg7+ Kg8 25. axb3 b5 26. Bf5
h5 27. Bg6 a5 28. Re8+ Rxe8 29. Bxe8 Kxg7 30. Bxc6 b4 31. Kf2 Kf6 32. Ke3 Kf5
33. Bf3 h4 34. g3 hxg3 35. hxg3 Ke6 36. Ke4 Kd6 37. g4 Kc6 38. g5 Kb5 39. Bd1
1-0

[Event "10. Lichtenberger Sommer"]
[Site "Berlin"]
[Date "2011.08.21"]
[Round "9.72"]
[White "Pichler, Gerhard"]
[Black "Huebner, Alan-Ari"]
[Result "0-1"]
[WhiteElo "1818"]
[BlackElo "1636"]
[PlyCount "104"]
[EventDate "2011.??.??"]
[WhiteTeam "Polizeisportverein Tirol"]
[BlackTeam "TuS Makkabi Berlin e.V."]

1. c4 c5 2. g3 g6 3. Bg2 Bg7 4. e3 Nc6 5. Nf3 e6 6. d4 cxd4 7. exd4 Nge7 8. Nc3
d5 9. c5 b6 10. Bf4 Nf5 11. Nb5 O-O 12. Nc7 Rb8 13. Nb5 Rb7 14. Nd6 Nxd6 15.
Bxd6 Re8 16. Qd2 bxc5 17. Bxc5 Qa5 18. Qxa5 Nxa5 19. b3 Nc6 20. O-O Bd7 21.
Rac1 Rc8 22. Rfd1 Bf8 23. Bxf8 Kxf8 24. Bf1 Rbc7 25. Ba6 Rb8 26. Ne5 Rb6 27.
Bf1 Ke7 28. Rc5 f6 29. Nf3 Kd6 30. Rdc1 Rc8 31. R1c3 Ne7 32. Kg2 Rbc6 33. Rxc6+
Rxc6 34. Rxc6+ Bxc6 35. Bd3 e5 36. dxe5+ fxe5 37. Ng5 e4 38. Bc2 h5 39. f3 Nf5
40. Bb1 e3 41. Nf7+ Ke6 42. Nd8+ Kd7 43. Nxc6 Kxc6 44. Kf1 Kc5 45. Ke2 Kd4 46.
g4 hxg4 47. fxg4 Nh4 48. g5 Ng2 49. Kf3 Nf4 50. h4 e2 51. Kf2 Kc3 52. Bxg6 Kd2
0-1

[Event "10. Lichtenberger Sommer"]
[Site "Berlin"]
[Date "2011.08.21"]
[Round "9.73"]
[White "Bergmann, Jens"]
[Black "Dittrich, Hans-Georg"]
[Result "1-0"]
[WhiteElo "1952"]
[BlackElo "1698"]
[PlyCount "71"]
[EventDate "2011.??.??"]
[WhiteTeam "SK Tempelhof 1931 e.V."]
[BlackTeam "SG Blau-Weiß Stadtilm"]

1. d4 Nf6 2. c4 e5 3. dxe5 Ng4 4. Qd4 d6 5. exd6 Qxd6 6. Qxd6 Bxd6 7. e3 Bxh2
8. g3 Bxg1 9. Rxg1 Be6 10. b3 Nd7 11. Bb2 f6 12. Bg2 O-O-O 13. Ke2 Nc5 14. f3
Nh6 15. e4 Rhe8 16. Ba3 Nd7 17. Nc3 f5 18. Rh1 fxe4 19. Nxe4 Bf5 20. Rad1 Nf6
21. Rxd8+ Kxd8 22. Ke3 Nhg4+ 23. Kd4 Nxe4 24. fxe4 Bxe4 25. Bxe4 Rxe4+ 26. Kxe4
Nf2+ 27. Kf3 Nxh1 28. g4 Ke8 29. Kg2 Kf7 30. Kxh1 g6 31. Kg2 c6 32. Kf3 a6 33.
g5 Ke6 34. Ke4 b6 35. c5 b5 36. Bb4 1-0

[Event "10. Lichtenberger Sommer"]
[Site "Berlin"]
[Date "2011.08.21"]
[Round "9.74"]
[White "Rehder, Frank"]
[Black "Kasper, Peter"]
[Result "1/2-1/2"]
[WhiteElo "1947"]
[BlackElo "1808"]
[PlyCount "68"]
[EventDate "2011.??.??"]
[WhiteTeam "SC Zugzwang 95 e.V."]
[BlackTeam "SG Eckturm"]

1. d4 d5 2. Nf3 e6 3. b3 Nf6 4. Bb2 Be7 5. e3 Nbd7 6. Bd3 O-O 7. Nbd2 b6 8. O-O
Bb7 9. Qe2 c5 10. c4 Ne4 11. a3 Qc7 12. Rac1 Bf6 13. Bb1 Nxd2 14. Nxd2 dxc4 15.
Nxc4 cxd4 16. Na5 Qb8 17. Nxb7 Qxb7 18. exd4 Rac8 19. Be4 Qb8 20. Qh5 g6 21.
Qf3 Bg7 22. Bc6 Nc5 23. b4 Qd6 24. dxc5 Qxc6 25. Qxc6 Rxc6 26. Bxg7 Kxg7 27.
cxb6 Rxb6 28. Rfd1 a5 29. bxa5 Rb5 30. Rc3 Rxa5 31. Kf1 Rfa8 32. Rdd3 R8a7 33.
g3 Kf6 34. h3 h5 1/2-1/2

[Event "10. Lichtenberger Sommer"]
[Site "Berlin"]
[Date "2011.08.21"]
[Round "9.75"]
[White "Bolshakov, Konstantin"]
[Black "Ruether, Marc"]
[Result "1/2-1/2"]
[WhiteElo "1618"]
[BlackElo "1808"]
[PlyCount "80"]
[EventDate "2011.??.??"]
[WhiteTeam "SG 1871 Löberitz"]
[BlackTeam "Queer-Springer SSV Berlin"]

1. d4 Nf6 2. Nf3 c5 3. d5 g6 4. Nc3 d6 5. h3 Bg7 6. e4 O-O 7. Be2 a6 8. a4 e6
9. O-O exd5 10. exd5 Re8 11. Bf4 b6 12. Nd2 Bb7 13. Nc4 Ne4 14. Nxe4 Rxe4 15.
Bg3 Rd4 16. Qc1 Bxd5 17. Nxd6 Bc6 18. Rd1 Rxd1+ 19. Bxd1 Qf6 20. c3 Nd7 21. Bb3
Rf8 22. Qe3 Ne5 23. Re1 Qxd6 24. Bxe5 Qxe5 25. Qxe5 Bxe5 26. Rxe5 Re8 27. Rxe8+
Bxe8 28. Kf1 a5 29. Ke2 Kf8 30. Ke3 Bc6 31. g3 Ke7 32. Kd3 f6 33. Kc4 Kd6 34.
Kd3 g5 35. Bc2 Ke5 36. Ke3 h6 37. h4 gxh4 38. gxh4 f5 39. f4+ Kf6 40. Kf2 Kg6
1/2-1/2

[Event "10. Lichtenberger Sommer"]
[Site "Berlin"]
[Date "2011.08.21"]
[Round "9.76"]
[White "Lehmann, Patricia"]
[Black "Wierzbicki, Jirawat"]
[Result "1-0"]
[WhiteElo "1601"]
[BlackElo "1451"]
[PlyCount "59"]
[EventDate "2011.??.??"]
[WhiteTeam "SG 1871 Löberitz"]
[BlackTeam "TuS Makkabi Berlin e.V."]

1. d4 d5 2. c4 dxc4 3. Nc3 a6 4. a4 Nf6 5. Nf3 Nc6 6. Bg5 h6 7. Bxf6 exf6 8. e3
Bd6 9. Bxc4 O-O 10. O-O Bg4 11. h3 Bh5 12. Be2 Re8 13. Nh4 Bxe2 14. Qxe2 Nxd4
15. Qg4 Ne6 16. Nf5 Kh7 17. Qh5 Qd7 18. Ne4 Red8 19. Nxh6 g6 20. Qh4 Kg7 21.
Ng4 Kf8 22. Qh8+ Ke7 23. Qxf6+ Ke8 24. Qh4 g5 25. Nxg5 Qe7 26. f4 Nxg5 27. fxg5
Kd7 28. Nf6+ Kc8 29. Qe4 Qf8 30. Qf5+ 1-0

[Event "10. Lichtenberger Sommer"]
[Site "Berlin"]
[Date "2011.08.21"]
[Round "9.77"]
[White "Ollek, Karl-Heinz"]
[Black "Schilly, Hans-Joachim"]
[Result "0-1"]
[WhiteElo "1803"]
[BlackElo "1835"]
[PlyCount "88"]
[EventDate "2011.??.??"]
[WhiteTeam "SC Friesen Lichtenberg e.V."]
[BlackTeam "SF Siemensstadt"]

1. d4 d5 2. c4 e5 3. cxd5 Qxd5 4. Nc3 Qxd4 5. Qxd4 exd4 6. Nb5 Na6 7. a3 c5 8.
Bf4 Nf6 9. O-O-O Ne4 10. Bg3 Be7 11. e3 Nxg3 12. hxg3 O-O 13. exd4 cxd4 14. Bd3
g6 15. Ne2 Bg4 16. f3 Be6 17. Nexd4 Rfc8+ 18. Kb1 Bc4 19. Be4 Nc5 20. Bc2 a6
21. Nc3 Bf6 22. Nce2 b5 23. b3 Bxe2 24. Nxe2 a5 25. f4 a4 26. b4 Nb3 27. Rd3
Na1 28. Nd4 Bxd4 29. Rxd4 Nxc2 30. Rd3 Ra7 31. Rhd1 Rc4 32. Kb2 Re7 33. R1d2
Nxb4 34. axb4 Rxb4+ 35. Ka3 Rc4 36. Rb2 Rb7 37. Rb4 Rc2 38. Rb2 b4+ 39. Rxb4
Rxb4 40. Kxb4 Ra2 41. g4 Rxg2 42. g5 Ra2 43. Kc5 Rf2 44. Rd4 a3 0-1

[Event "10. Lichtenberger Sommer"]
[Site "Berlin"]
[Date "2011.08.21"]
[Round "9.78"]
[White "Schmitt, Jens-Ole"]
[Black "Lange, Rudolf"]
[Result "0-1"]
[WhiteElo "1557"]
[BlackElo "1830"]
[PlyCount "60"]
[EventDate "2011.??.??"]
[WhiteTeam "SG Narva Berlin e.V."]
[BlackTeam "SG Narva Berlin e.V."]

1. e4 e5 2. Nf3 Nc6 3. Bb5 a6 4. Bxc6 dxc6 5. Nc3 Bd6 6. h3 c5 7. d3 h6 8. b3
Ne7 9. Bb2 Be6 10. Ne2 Nc6 11. c3 Qe7 12. O-O O-O 13. Re1 Rad8 14. Ng3 Qf6 15.
Nh2 Qg6 16. Re3 f5 17. Nxf5 Bxf5 18. Rg3 Qe6 19. exf5 Qxf5 20. Ng4 Qe6 21. Bc1
e4 22. Re3 h5 23. Nh2 Bxh2+ 24. Kxh2 Rxf2 25. Qe1 Rdf8 26. dxe4 Ne5 27. Kg1 Qf6
28. Ba3 b6 29. Re2 Nd3 30. Qd2 Qg6 0-1

[Event "10. Lichtenberger Sommer"]
[Site "Berlin"]
[Date "2011.08.21"]
[Round "9.79"]
[White "Hesselbarth, Karlheinz"]
[Black "Wiemann, Lea"]
[Result "1-0"]
[WhiteElo "1789"]
[BlackElo "1518"]
[PlyCount "55"]
[EventDate "2011.??.??"]
[WhiteTeam "SC Zugzwang 95 e.V."]
[BlackTeam "Queer-Springer SSV Berlin"]

1. d4 d5 2. Nf3 Nf6 3. c4 c6 4. cxd5 Nxd5 5. e4 Nf6 6. Nc3 Bg4 7. Be2 e6 8. Be3
Bb4 9. Qc2 Nbd7 10. O-O h6 11. Rad1 Bxc3 12. bxc3 g5 13. c4 Nxe4 14. d5 Bf5 15.
dxe6 fxe6 16. Bd3 Nd6 17. Bxf5 Nxf5 18. Ne5 Rh7 19. g4 Qc7 20. Nxd7 Rxd7 21.
gxf5 Rxd1 22. Rxd1 Qe5 23. Qd3 exf5 24. Qd7+ Kf8 25. Bd4 Qe2 26. Qxf5+ Kg8 27.
Qg6+ Kf8 28. Bc5+ 1-0

[Event "10. Lichtenberger Sommer"]
[Site "Berlin"]
[Date "2011.08.21"]
[Round "9.80"]
[White "Reichert, Lutz"]
[Black "Getzuhn, Detlef"]
[Result "0-1"]
[WhiteElo "1757"]
[BlackElo "1931"]
[PlyCount "70"]
[EventDate "2011.??.??"]
[WhiteTeam "Schwarz-Weiß Neukölln e.V."]
[BlackTeam "SV Senat (FV Schach)"]

1. g3 e5 2. c4 f5 3. Bg2 Nf6 4. Nc3 c6 5. d3 Be7 6. Nf3 d6 7. O-O O-O 8. Rb1 a5
9. a3 Na6 10. b4 axb4 11. axb4 Bd7 12. Qb3 Kh8 13. Bg5 h6 14. Bxf6 Bxf6 15. e3
Qe7 16. Qc2 Nc7 17. Nd2 Ra7 18. b5 cxb5 19. cxb5 b6 20. Ra1 Rxa1 21. Rxa1 Nxb5
22. Nd5 Qf7 23. Nxb6 e4 24. Nxd7 Qxd7 25. Rc1 Nc3 26. Re1 Rc8 27. Qb3 d5 28.
dxe4 dxe4 29. Nb1 Qa4 30. Qb7 Ne2+ 31. Rxe2 Qd1+ 32. Bf1 Rc1 33. Nd2 Qxe2 34.
Qc8+ Rxc8 35. Bxe2 Rc2 0-1

[Event "10. Lichtenberger Sommer"]
[Site "Berlin"]
[Date "2011.08.21"]
[Round "9.81"]
[White "Huelse, Hagen"]
[Black "Krueger, Ekkehard"]
[Result "1-0"]
[WhiteElo "1702"]
[BlackElo "1878"]
[PlyCount "83"]
[EventDate "2011.??.??"]
[WhiteTeam "Forster Schachclub 95"]
[BlackTeam "SG Narva Berlin e.V."]

1. d4 d5 2. Bf4 Nf6 3. Nf3 e6 4. e3 Bd6 5. Bg3 O-O 6. Nbd2 c5 7. c3 a6 8. Bd3
c4 9. Bc2 b5 10. Bxd6 Qxd6 11. Ne5 Nbd7 12. f4 Ne8 13. Qh5 g6 14. Qh6 f5 15.
Ndf3 Ra7 16. h4 Nxe5 17. fxe5 Qe7 18. h5 Qg7 19. Qf4 g5 20. Nxg5 Qh6 21. Nh3
Qxf4 22. exf4 Rg7 23. Kf2 Nc7 24. h6 Re7 25. Ng5 Bd7 26. Bd1 Be8 27. Ke3 Bg6
28. a3 Rb8 29. Bh5 Bxh5 30. Rxh5 Na8 31. Nh3 Nb6 32. g4 fxg4 33. Rg5+ Kh8 34.
Rxg4 Rg8 35. Rxg8+ Kxg8 36. Rg1+ Kh8 37. Nf2 Nd7 38. Rg5 Nf8 39. f5 exf5 40.
Rxf5 Kg8 41. Ng4 Ne6 42. Nf6+ 1-0

[Event "10. Lichtenberger Sommer"]
[Site "Berlin"]
[Date "2011.08.21"]
[Round "9.82"]
[White "Schwedek, Tony"]
[Black "Jachym, Christoph"]
[Result "1/2-1/2"]
[WhiteElo "1848"]
[BlackElo "1585"]
[PlyCount "58"]
[EventDate "2011.??.??"]
[WhiteTeam "SC Zitadelle Spandau 1977 e.V."]
[BlackTeam "SC Zugzwang 95 e.V."]

1. d4 d5 2. c4 Nc6 3. cxd5 Qxd5 4. Nf3 e5 5. Nc3 Bb4 6. Bd2 Bxc3 7. Bxc3 e4 8.
Ne5 Nge7 9. e3 Nxe5 10. dxe5 Qxd1+ 11. Rxd1 Be6 12. b3 Nd5 13. Bd2 O-O-O 14.
Be2 h5 15. f4 exf3 16. gxf3 g5 17. Kf2 h4 18. Rhg1 Rhg8 19. Bc4 c6 20. Bxd5
cxd5 21. Bb4 Kd7 22. Rc1 g4 23. fxg4 Rxg4 24. Rxg4 Bxg4 25. Bd6 Rc8 26. Rxc8
Kxc8 27. Be7 h3 28. Kg3 Be6 29. Kf4 Kd7 1/2-1/2

[Event "10. Lichtenberger Sommer"]
[Site "Berlin"]
[Date "2011.08.21"]
[Round "9.84"]
[White "Herrmann, Eberhard"]
[Black "Knaut, Jonathan"]
[Result "0-1"]
[WhiteElo "1876"]
[BlackElo "1613"]
[PlyCount "108"]
[EventDate "2011.??.??"]
[WhiteTeam "SC Friesen Lichtenberg e.V."]
[BlackTeam "SV Königsjäger Süd-West e.V."]

1. e4 c6 2. Nf3 d5 3. Nc3 dxe4 4. Nxe4 Bf5 5. Ng3 Bg6 6. d4 e6 7. Be3 Nf6 8.
Ne5 Nbd7 9. Nc4 Nb6 10. Ne5 Nbd5 11. Bg5 Bb4+ 12. Bd2 Ne4 13. Bxb4 Nxg3 14.
hxg3 Nxb4 15. Nxg6 fxg6 16. c3 Nd5 17. Qg4 Qf6 18. O-O-O h5 19. Qe4 O-O-O 20.
f3 Rde8 21. Bd3 g5 22. Qg6 h4 23. Rh3 Ne3 24. Rg1 Re7 25. Kd2 Nf5 26. Qxf6 gxf6
27. Rgh1 Rhe8 28. g4 Ng3 29. Re1 e5 30. Bg6 Rg8 31. Be4 exd4 32. cxd4 Kc7 33.
Kd3 Rd8 34. Rc1 Red7 35. Rc4 Rd6 36. a4 b6 37. f4 c5 38. d5 Nxe4 39. Kxe4 Rxd5
40. fxg5 fxg5 41. Rhc3 Rd2 42. b4 Rxg2 43. Kf5 Rd5+ 44. Ke6 Rd6+ 45. Kf5 Rd5+
46. Ke6 Rgd2 47. bxc5 bxc5 48. Rxc5+ Rxc5 49. Rxc5+ Kb6 50. Rxg5 Rd4 51. Rb5+
Kc6 52. Ra5 Rxg4 53. Rxa7 h3 54. Kf5 Rh4 0-1

[Event "10. Lichtenberger Sommer"]
[Site "Berlin"]
[Date "2011.08.21"]
[Round "9.85"]
[White "Münstermann, Claudia"]
[Black "Schueler, Wolfgang"]
[Result "0-1"]
[WhiteElo "1838"]
[BlackElo "1939"]
[PlyCount "67"]
[EventDate "2011.??.??"]
[WhiteTeam "SC Weisse Dame e.V."]
[BlackTeam "SC Friesen Lichtenberg e.V."]

1. e4 e5 2. Nf3 Nc6 3. d4 exd4 4. Nxd4 Bc5 5. Be3 Qf6 6. Nb5 Bxe3 7. fxe3 Qh4+
8. g3 Qxe4 9. Nxc7+ Kd8 10. Nxa8 Qxh1 11. Qg4 Nge7 12. Nd2 Qxh2 13. Nc4 Qh6 14.
O-O-O f5 15. Qf3 g5 16. Kb1 g4 17. Qe2 Qg7 18. Nd6 Rf8 19. Qb5 Qe5 20. Nxb7+
Bxb7 21. Qxb7 d5 22. Bb5 Rf6 23. Bxc6 Rxc6 24. c4 Qe4+ 25. Ka1 Qxc4 26. Qb8+
Nc8 27. Rb1 Re6 28. Qb7 Re7 29. Qb8 Rxe3 30. Rd1 Re7 31. Qf4 Qxf4 32. Rxd5+ Rd7
33. Rxd7+ Kxd7 34. gxf4 0-1

[Event "10. Lichtenberger Sommer"]
[Site "Berlin"]
[Date "2011.08.21"]
[Round "9.86"]
[White "Kuebart, Thore"]
[Black "Kornijenko, Alexander"]
[Result "1-0"]
[WhiteElo "1868"]
[BlackElo "1648"]
[PlyCount "71"]
[EventDate "2011.??.??"]
[WhiteTeam "SV Königsjäger Süd-West e.V."]
[BlackTeam "vereinslos"]

1. e4 e5 2. Nf3 Nc6 3. Bb5 a6 4. Ba4 Nf6 5. O-O Be7 6. d3 b5 7. Bb3 O-O 8. a4
Bb7 9. Be3 d6 10. Qd2 Ng4 11. h3 Nxe3 12. fxe3 Bf6 13. Nc3 bxa4 14. Rxa4 Ne7
15. Qf2 d5 16. exd5 Nxd5 17. Nxd5 Bxd5 18. Bxd5 Qxd5 19. Rg4 g6 20. Nd2 Bg7 21.
Rc4 c6 22. e4 Qe6 23. Ra1 Rfb8 24. Nb3 Qd6 25. Qc5 Qxc5+ 26. Rxc5 Rb6 27. Ra2
f6 28. Nd2 Bh6 29. Nc4 Bf8 30. Rca5 Rb5 31. Rxa6 Rxa6 32. Rxa6 Rc5 33. Kf1 Be7
34. c3 Kf7 35. b4 Rb5 36. Rxc6 1-0

[Event "10. Lichtenberger Sommer"]
[Site "Berlin"]
[Date "2011.08.21"]
[Round "9.87"]
[White "Llacer Bosbach, Ana"]
[Black "Schmalzried, Volker"]
[Result "0-1"]
[WhiteElo "1526"]
[BlackElo "1870"]
[PlyCount "72"]
[EventDate "2011.??.??"]
[WhiteTeam "CIM Benimaclet Valencia"]
[BlackTeam "Umweltbundesamt (FV Schach)"]

1. e4 c5 2. Nf3 g6 3. d4 cxd4 4. Nxd4 Bg7 5. Be3 Nc6 6. Nxc6 bxc6 7. c3 Nf6 8.
Bd3 O-O 9. O-O d5 10. exd5 cxd5 11. Bc2 Ng4 12. Bd4 e5 13. Bc5 Re8 14. h3 Nh6
15. Bb3 d4 16. Qf3 Bf5 17. cxd4 exd4 18. Nd2 Qg5 19. Rad1 Bxh3 20. Bd6 Bg4 21.
Qg3 Nf5 22. Nf3 Qh5 23. Qh2 Bxf3 24. gxf3 Qg5+ 25. Bg3 Rad8 26. Rfe1 Rxe1+ 27.
Rxe1 d3 28. Rd1 d2 29. Kg2 Bxb2 30. f4 Qg4 31. Qh1 Qe2 32. Kh3 Nd4 33. Qf1
Qxf1+ 34. Rxf1 Nxb3 35. axb3 d1=Q 36. Rxd1 Rxd1 0-1

[Event "10. Lichtenberger Sommer"]
[Site "Berlin"]
[Date "2011.08.21"]
[Round "9.89"]
[White "Peter, Volkhard"]
[Black "Bauer, Stefan"]
[Result "0-1"]
[WhiteElo "1810"]
[BlackElo "1684"]
[PlyCount "54"]
[EventDate "2011.??.??"]
[WhiteTeam "Schachclub Oranienburg e.V."]
[BlackTeam "SC Kreuzberg e.V."]

1. e4 c5 2. d4 cxd4 3. c3 dxc3 4. Nxc3 Nc6 5. Bc4 e6 6. Nf3 Nge7 7. e5 a6 8.
O-O h6 9. a3 Ng6 10. Qe2 Be7 11. Rd1 O-O 12. Bd3 Qe8 13. b4 b5 14. Be4 Rb8 15.
Bxc6 dxc6 16. Be3 f5 17. exf6 Bxf6 18. Rac1 Bb7 19. Bc5 Nf4 20. Qe4 Bxc3 21.
Rxc3 Rf5 22. Nh4 Qh5 23. Nf3 Qg4 24. Nd2 Qxd1+ 25. Nf1 Ne2+ 26. Qxe2 Qxe2 27.
Re3 Qxf2+ 0-1

[Event "10. Lichtenberger Sommer"]
[Site "Berlin"]
[Date "2011.08.21"]
[Round "9.90"]
[White "Schrodt, Horst"]
[Black "Toth, Hans-Juergen"]
[Result "0-1"]
[WhiteElo "1709"]
[BlackElo "1641"]
[PlyCount "94"]
[EventDate "2011.??.??"]
[WhiteTeam "SC Eintracht Berlin e.V."]
[BlackTeam "Schachfreunde Zehdenick 76 e.V."]

1. d4 f5 2. g3 Nf6 3. Nf3 e6 4. Bg2 c6 5. c4 d5 6. cxd5 exd5 7. O-O Bd6 8. Nc3
O-O 9. e3 Nbd7 10. Rb1 Ne4 11. a3 Ndf6 12. Na4 Qe7 13. b4 b5 14. Nc5 Nc3 15.
Qc2 Nxb1 16. Qxb1 Bxc5 17. dxc5 Ne4 18. Nd4 Bd7 19. Qc2 Qd8 20. Rd1 a5 21. Bb2
axb4 22. axb4 Ra4 23. Qb3 Qa8 24. h4 Ra2 25. Nf3 Qa4 26. Rd3 Qxb3 27. Rxb3 h6
28. Kf1 g5 29. hxg5 hxg5 30. Ke2 g4 31. Ne5 Rd8 32. Bxe4 dxe4 33. Ke1 Be8 34.
Bd4 Rda8 35. Kf1 R8a3 36. Rb1 Rc2 37. Kg1 Raa2 38. Rf1 Kf8 39. Kg2 Ke7 40. Kg1
Kd8 41. Kg2 Kc7 42. Kg1 Bd7 43. Nf7 Be6 44. Be5+ Kd7 45. Nd6 Bc4 46. Rd1 Rd2
47. Rc1 Rxf2 0-1

[Event "10. Lichtenberger Sommer"]
[Site "Berlin"]
[Date "2011.08.21"]
[Round "9.91"]
[White "Güldenpfennig, Gavin"]
[Black "Sube, Günter"]
[Result "0-1"]
[WhiteElo "1203"]
[BlackElo "1842"]
[PlyCount "116"]
[EventDate "2011.??.??"]
[WhiteTeam "BSC Rehberge 1945 e.V."]
[BlackTeam "SV Bau-Union e.V."]

1. e4 e6 2. d4 d5 3. exd5 exd5 4. Nf3 Bd6 5. Be2 Nf6 6. Bg5 O-O 7. O-O h6 8.
Bxf6 Qxf6 9. c3 Bf5 10. Nbd2 Nd7 11. Qb3 Rae8 12. Rae1 Nb6 13. a4 a5 14. Qd1 c6
15. Nb3 Ra8 16. Qd2 Nd7 17. Nc1 Rfe8 18. Na2 Re7 19. Bd3 Rae8 20. Re3 Bxd3 21.
Qxd3 Qf4 22. g3 Rxe3 23. fxe3 Qxe3+ 24. Qxe3 Rxe3 25. Rf2 Nf6 26. Kg2 Re7 27.
Rc2 Ng4 28. Kh3 Ne3 29. Re2 Nc4 30. Rxe7 Bxe7 31. b3 Nd6 32. Nc1 f6 33. Nd2 Ne4
34. Nxe4 dxe4 35. Ne2 Kf7 36. Kg4 g6 37. Kf4 f5 38. Ke3 Bg5+ 39. Nf4 Bxf4+ 40.
Kxf4 Ke6 41. c4 Kd6 42. Ke3 Ke6 43. g4 Kd6 44. h3 Ke6 45. h4 h5 46. g5 Kd6 47.
Kf4 b6 48. Ke3 Kc7 49. Kf4 Kb7 50. Ke3 Ka6 51. Kf4 b5 52. c5 Kb7 53. Ke3 bxa4
54. bxa4 Kc7 55. Kf4 Kd7 56. Ke3 Ke6 57. Kf4 Kd5 58. Ke3 Kc4 0-1

[Event "10. Lichtenberger Sommer"]
[Site "Berlin"]
[Date "2011.08.21"]
[Round "9.92"]
[White "Hitzelberger, Michael"]
[Black "Kujawa, Werner"]
[Result "0-1"]
[WhiteElo "1284"]
[BlackElo "1836"]
[PlyCount "70"]
[EventDate "2011.??.??"]
[WhiteTeam "Sfrd. Berlin 1903 e.V."]
[BlackTeam "SV Motor Wildau e.V."]

1. e4 e6 2. d4 d5 3. e5 c5 4. c3 Nc6 5. Nf3 Qb6 6. Qb3 c4 7. Qxb6 axb6 8. Nbd2
b5 9. b4 Bd7 10. Be2 Nge7 11. Bd1 Nb8 12. Nh4 Nc8 13. f4 Nb6 14. Nf1 Be7 15.
Nf3 Na4 16. Kd2 Bc6 17. Bc2 Nd7 18. f5 Kd8 19. g4 h6 20. h4 Kc7 21. Ng3 Rag8
22. Bd1 Nf8 23. Kc2 f6 24. exf6 gxf6 25. Bf4+ Bd6 26. Bxd6+ Kxd6 27. fxe6 Rxg4
28. Nf5+ Kxe6 29. Re1+ Kxf5 30. Nd2 Rxh4 31. Nf3 Rf4 32. Rf1 Ng6 33. Kd2 Ke6
34. Nh2 Rxf1 35. Bg4+ f5 0-1

[Event "10. Lichtenberger Sommer"]
[Site "Berlin"]
[Date "2011.08.21"]
[Round "9.94"]
[White "Kühnert, Hanno"]
[Black "Poeltelt, Helmut"]
[Result "0-1"]
[WhiteElo "1313"]
[BlackElo "1716"]
[PlyCount "90"]
[EventDate "2011.??.??"]
[WhiteTeam "SC Rotation Pankow e.V."]
[BlackTeam "SC Eintracht Berlin e.V."]

1. d4 Nf6 2. e3 g6 3. c4 Bg7 4. Nf3 O-O 5. Nc3 d5 6. Be2 c6 7. O-O Bg4 8. Qb3
Qc7 9. h3 dxc4 10. Qc2 Be6 11. Ne5 b5 12. a4 a6 13. axb5 cxb5 14. Bf3 Ra7 15.
Ne2 Bc8 16. Bd2 Nfd7 17. Ba5 Nb6 18. Qe4 Bb7 19. Qh4 Bxf3 20. Nxf3 Nc6 21. Bd2
f6 22. e4 Na4 23. Be3 Raa8 24. Nf4 Qd6 25. Qg4 Nd8 26. d5 f5 27. exf5 Rxf5 28.
Ng5 Bxb2 29. Rae1 Qf6 30. Nge6 Nxe6 31. dxe6 Be5 32. g3 Nb2 33. h4 Bxf4 34.
Bxf4 h5 35. Qf3 Rd8 36. Qc6 Nd3 37. Qc7 Rfd5 38. Bg5 Qg7 39. Rd1 Kh7 40. Qxe7
Qxe7 41. Bxe7 Re8 42. Bg5 Rxe6 43. Bd2 b4 44. Bxb4 Nxb4 45. Rxd5 Nxd5 0-1

[Event "10. Lichtenberger Sommer"]
[Site "Berlin"]
[Date "2011.08.21"]
[Round "9.95"]
[White "Duric, Rajko"]
[Black "Dittrich, Tom"]
[Result "1/2-1/2"]
[WhiteElo "1808"]
[BlackElo "1157"]
[PlyCount "90"]
[EventDate "2011.??.??"]
[WhiteTeam "SC Kreuzberg e.V."]
[BlackTeam "SG Blau-Weiß Stadtilm"]

1. e4 c5 2. Nc3 d6 3. f4 Nc6 4. Nf3 g6 5. Bb5 Bd7 6. O-O Bg7 7. Bxc6 Bxc6 8. d3
e6 9. Ne2 Ne7 10. Rb1 O-O 11. Bd2 d5 12. Bc3 dxe4 13. dxe4 Qxd1 14. Rbxd1 Bxe4
15. Bxg7 Kxg7 16. Ne1 Rad8 17. Rxd8 Rxd8 18. Nc3 Bc6 19. Nd3 Nd5 20. Nxd5 Bxd5
21. b3 b6 22. Nf2 Bc6 23. Rd1 Rxd1+ 24. Nxd1 Kf6 25. Ne3 e5 26. Ng4+ Kf5 27.
Nxe5 Be4 28. Nxf7 Kxf4 29. Kf2 Bxc2 30. Ke2 Bb1 31. a3 Ba2 32. g3+ Kg4 33. Nd6
Bxb3 34. Nc8 Kh3 35. Nxa7 Kxh2 36. Kf2 c4 37. Nb5 Kh3 38. Kf3 h5 39. Kf4 h4 40.
gxh4 Kxh4 41. Nc3 g5+ 42. Kf3 Kh3 43. Kf2 Kh2 44. Kf3 Kh3 45. Kf2 Kh2 1/2-1/2

[Event "10. Lichtenberger Sommer"]
[Site "Berlin"]
[Date "2011.08.21"]
[Round "9.96"]
[White "Stark, Steven"]
[Black "Theilig, Reinhard"]
[Result "0-1"]
[WhiteElo "1594"]
[BlackElo "1701"]
[PlyCount "102"]
[EventDate "2011.??.??"]
[WhiteTeam "VfB Hermsdorf e.V."]
[BlackTeam "VfB Hermsdorf e.V."]

1. e4 c5 2. Nf3 d6 3. d4 cxd4 4. Qxd4 Nc6 5. Qe3 Nf6 6. Bb5 a6 7. Bxc6+ bxc6 8.
Nc3 Rb8 9. O-O Bg4 10. Rd1 Qc7 11. Qf4 Bxf3 12. Qxf3 e5 13. Qe2 Ra8 14. b3 Be7
15. Bb2 O-O 16. a4 a5 17. Qc4 Rfc8 18. Nd5 cxd5 19. Qxc7 Rxc7 20. exd5 Rxc2 21.
Rab1 Rac8 22. Ba3 Ne4 23. Rbc1 Rxc1 24. Rxc1 Rxc1+ 25. Bxc1 Nc5 26. b4 axb4 27.
Bd2 b3 28. Bc1 Nxa4 29. Kf1 b2 30. Bxb2 Nxb2 31. Ke2 f5 32. f3 f4 33. g4 g5 34.
Kd2 Nc4+ 35. Kd3 Ne3 36. Ke4 Kg7 37. h3 h6 38. Kd3 Nxd5 39. Ke4 Nf6+ 40. Kd3 d5
41. Ke2 e4 42. Kf2 e3+ 43. Ke2 d4 44. Kd3 Bb4 45. Kc2 Nd7 46. Kd3 Nc5+ 47. Ke2
d3+ 48. Kd1 e2+ 49. Kc1 e1=Q+ 50. Kb2 Qc3+ 51. Ka2 Qc2+ 0-1

[Event "10. Lichtenberger Sommer"]
[Site "Berlin"]
[Date "2011.08.21"]
[Round "9.97"]
[White "Berg, Gerd"]
[Black "Pilgrim, Wilfried"]
[Result "1/2-1/2"]
[WhiteElo "1623"]
[BlackElo "1463"]
[PlyCount "86"]
[EventDate "2011.??.??"]
[WhiteTeam "SK König Tegel 1949 e.V."]
[BlackTeam "SC Kreuzberg e.V."]

1. c4 c5 2. Nc3 Nc6 3. g3 Nf6 4. Bg2 e5 5. d3 Be7 6. Nf3 d6 7. O-O O-O 8. a3
Bg4 9. Bd2 Qd7 10. Rb1 a6 11. Bg5 Rab8 12. Bxf6 Bxf6 13. Nd5 Bd8 14. b4 cxb4
15. Nxb4 Nxb4 16. axb4 b5 17. c5 Bxf3 18. Bxf3 dxc5 19. bxc5 Be7 20. Qc2 Rfc8
21. c6 Qa7 22. Qa2 Rb6 23. Rfc1 a5 24. Qd5 b4 25. Qd7 Rc7 26. Qe8+ Bf8 27. Qxe5
a4 28. Qa1 a3 29. Bd5 Qa5 30. Qa2 Bc5 31. e3 g6 32. d4 Bf8 33. e4 Qb5 34. Bc4
Qa5 35. Bxf7+ Rxf7 36. c7 b3 37. Rxb3 Rxb3 38. c8=Q Rb2 39. Qa1 Qd2 40. Rf1 a2
41. Qcc1 Qxc1 42. Rxc1 Rfxf2 43. Rd1 Rg2+ 1/2-1/2

[Event "10. Lichtenberger Sommer"]
[Site "Berlin"]
[Date "2011.08.21"]
[Round "9.98"]
[White "Engers, Felix"]
[Black "Laurin, Dirk"]
[Result "1/2-1/2"]
[WhiteElo "1536"]
[BlackElo "1671"]
[PlyCount "43"]
[EventDate "2011.??.??"]
[WhiteTeam "SC Zitadelle Spandau 1977 e.V."]
[BlackTeam "SG Narva Berlin e.V."]

1. e4 e5 2. Nf3 Nc6 3. d4 exd4 4. Bc4 Be7 5. O-O Nf6 6. e5 Ng4 7. Re1 d5 8.
exd6 Qxd6 9. b3 O-O 10. Ba3 Qd8 11. Bxe7 Nxe7 12. Qxd4 Qxd4 13. Nxd4 Ng6 14.
Nb5 Bf5 15. N1c3 N6e5 16. Bf1 Bxc2 17. Nxc7 Rac8 18. N7d5 Bd3 19. f4 Bxf1 20.
Rxf1 Nc6 21. Rae1 f5 22. g3 1/2-1/2